000 00304nam a22001217a 4500
008 180315b xxu||||| |||| 00| 0 eng d
041 _aeng
080 _a159.9
100 _a48
101 _aPSI
245 _aInstructor's resource book to accompany psychology and life
_cZimbardo,P.G
942 _2udc
_cBK
999 _c45117
_d45117